Most Common Pokémon in Platinum - Statistics

General Stats
  • This quiz has been taken 10 times
  • The average score is 12 of 28
Answer Stats
Appearances Pokémon % Correct
30 Staraptor
75%
14 Staravia
75%
20 Geodude
63%
31 Golbat
63%
15 Luxio
63%
15 Luxray
63%
20 Stunky
63%
17 Zubat
63%
21 Glameow
50%
26 Gyarados
50%
26 Machoke
50%
19 Machop
50%
25 Pikachu
50%
15 Ponyta
50%
14 Raichu
50%
19 Rapidash
50%
22 Roselia
50%
18 Roserade
50%
20 Heracross
38%
17 Bronzor
25%
24 Croagunk
25%
21 Floatzel
25%
13 Golduck
13%
21 Magnemite
13%
18 Mr. Mime
13%
31 Clefairy
0%
13 Remoraid
0%
13 Seaking
0%
No matching quizzes found
Score Distribution
Percent of People with Each Score
Percentile by Number Answered
Your Score History
You have not taken this quiz